| 000 | 00532nam a2200217Ia 4500 | ||
|---|---|---|---|
| 003 | OSt | ||
| 005 | 20230525192740.0 | ||
| 008 | 210423s2000 xx 000 0 und d | ||
| 040 | _cAL | ||
| 041 | _akan | ||
| 082 |
_a793.2k _223 _bINDN |
||
| 100 |
_aINDVADI (Venkatesha). _9114619 |
||
| 245 |
_aSamskrutika padakosha. _bNeelagaararu. |
||
| 250 | _a1 | ||
| 260 |
_aHampi _bPrasasanga _c2000 |
||
| 300 | _avi,32 | ||
| 365 |
_b30 _cINR |
||
| 440 | _v1 | ||
| 906 | _aNeelagaararu. ; padakosha. ; Samskrutika | ||
| 942 |
_2ddc _cBK |
||
| 999 |
_c173334 _d173334 |
||